00503nam a2200193 a 4500001001300000003000900013005001700022008004100039020001000080082001600090100001900106245004300125260003700168300000900205500003500214505001400249650002700263700001900290nice12345678IN_TiNIC20260116011305.0050524s1944 beia grp 000 0 ara  ac10000a232.9bFOR2 aFord, George A aHadiyatah Miladb Man Howa Yasul Masih aBeirutbAmeer Kaniya Pressc1944 a122p aincludes index and biblioraphy2 areference aJesus Christ-Biography1 aFord, George A